000 00580nam a22001697a 4500
008 211105b ||||| |||| 00| 0 eng d
020 _a0387094601
050 _aQ175.S764
100 _aStegmuller, Wolfgang
_913668
245 _aThe Structuralist view of theories
_ba possible analogue of the Bourbaki programme in physical Science
_c/by Wolfgang Stegmuller
260 _aNew York:
_bSpringer-Verlag
_c1979.
300 _avii, 101p.;
_c23cm.
650 _aScience
_xPhilosophy
650 _aMathematics
_xPhilosophy
650 _aStructuralism
_98960
942 _2lcc
_cMONOGRAPH
999 _c131118
_d131118